| 000 | 01131nam a22002777a 4500 | ||
|---|---|---|---|
| 003 | dpl | ||
| 005 | 20180723121114.0 | ||
| 008 | 180723b xxu||||| |||| 00| 0 eng d | ||
| 010 | _aB-070762 | ||
| 020 |
_c250.00 _a8188025189 |
||
| 035 | _aB-070762, B-070766 | ||
| 037 | _bCen Lib/Ret | ||
| 040 |
_aDPL _bHN _c0 |
||
| 082 |
_aउ _bविश्वना |
||
| 100 |
_aविश्वनाथ सत्यनारायण _943912 |
||
| 245 |
_aआहुति / _cविश्वनाथ सत्यनारायण |
||
| 246 |
_aAahuti / _bby Vishvnath Satyanarayan |
||
| 260 |
_aदिल्ली _bदिल्ली पुस्तक सदन _c2001 |
||
| 270 |
_bदिल्ली _a30/36, गली नं.-9, विश्वास नगर, शाहदरा _e110032 |
||
| 300 |
_a232पृ. _c21सेमी (सजिल्द) |
||
| 650 |
_aहिन्दी -- साहित्य _963158 |
||
| 650 |
_aहिन्दी -- उपन्यास _963159 |
||
| 650 |
_aHindi -- Literature _963160 |
||
| 650 |
_aHindi -- Fiction _927248 |
||
| 942 |
_2ddc _cHN _hउ _mविश्वना |
||
| 999 |
_c115771 _d115771 |
||